<?xml version='1.0' encoding='UTF-8'?>
  <record xmlns="http://www.loc.gov/MARC21/slim">
    <leader>00000ctm a22000007i 4500</leader>
    <controlfield tag="001">ocn965428831</controlfield>
    <controlfield tag="003">OCoLC</controlfield>
    <controlfield tag="005">20241006053245.8</controlfield>
    <controlfield tag="008">100517q1700    xx            000 0 dut d</controlfield>
    <datafield tag="040" ind1=" " ind2=" ">
      <subfield code="a">QGJ</subfield>
      <subfield code="b">dut</subfield>
      <subfield code="c">QGJ</subfield>
      <subfield code="d">OCLCL</subfield>
      <subfield code="d">OCLCQ</subfield>
    </datafield>
    <datafield tag="035" ind1=" " ind2=" ">
      <subfield code="a">(OCoLC)965428831</subfield>
    </datafield>
    <datafield tag="100" ind1="1" ind2=" ">
      <subfield code="a">Ketelaar, Johan Josua,</subfield>
      <subfield code="d">1659-1718.</subfield>
      <subfield code="1">https://id.oclc.org/worldcat/entity/E39PCjBFdGFQQJ9qdMKpYBmVvd</subfield>
    </datafield>
    <datafield tag="245" ind1="1" ind2="0">
      <subfield code="a">Instructie of onderwijsinghe der Hindoustanse en Persiaanse taalen :</subfield>
      <subfield code="b">nevens haare declinatie en conjugationes als mede vergelijckingh der hindoustanse met de hollandse maat, en gewigten, mitsgaders beduijdingh eeniger moorse naamen, etc.a.</subfield>
      <subfield code="f">UBU Hs. 1478.</subfield>
    </datafield>
    <datafield tag="260" ind1=" " ind2=" ">
      <subfield code="c">[ca. 1700]</subfield>
    </datafield>
    <datafield tag="300" ind1=" " ind2=" ">
      <subfield code="a">iv fol., 160 [i.e. 175] p. ;</subfield>
      <subfield code="c">273 x 206 (252 x 174) mm.</subfield>
    </datafield>
    <datafield tag="336" ind1=" " ind2=" ">
      <subfield code="a">text</subfield>
      <subfield code="b">txt</subfield>
      <subfield code="2">rdacontent</subfield>
    </datafield>
    <datafield tag="337" ind1=" " ind2=" ">
      <subfield code="a">unmediated</subfield>
      <subfield code="b">n</subfield>
      <subfield code="2">rdamedia</subfield>
    </datafield>
    <datafield tag="338" ind1=" " ind2=" ">
      <subfield code="a">volume</subfield>
      <subfield code="b">nc</subfield>
      <subfield code="2">rdacarrier</subfield>
    </datafield>
    <datafield tag="340" ind1=" " ind2=" ">
      <subfield code="a">papier.</subfield>
    </datafield>
    <datafield tag="500" ind1=" " ind2=" ">
      <subfield code="a">Auteur is Johan Josua Ketelaar, wiens naam ("Ian Iosua Ketelaar Elbengensis") op het titelblad is doorgekrast.</subfield>
    </datafield>
    <datafield tag="500" ind1=" " ind2=" ">
      <subfield code="a">Fouten in paginering: na p. 88 doorgepagineerd met 85, na p. 116 (i.e. 120) volgen 11 ongepagineerde bl., daarna doorgepagineerd met 117 (i.e. 132).</subfield>
    </datafield>
    <datafield tag="500" ind1=" " ind2=" ">
      <subfield code="a">Waarschijnlijk uit de bibliotheek van Adriaan Reland.</subfield>
    </datafield>
    <datafield tag="524" ind1=" " ind2=" ">
      <subfield code="a">Te citeren als: Universiteitsbibliotheek Utrecht Hs. 1478.</subfield>
    </datafield>
    <datafield tag="581" ind1=" " ind2=" ">
      <subfield code="a">[P.A. Tiele], Catalogus codicum manu scriptorum Bibliothecae Universitatis Rheno-Trajectinae. I. Trajecti ad Rhenum / Hagae Comitis 1887. p. 347.</subfield>
    </datafield>
    <datafield tag="581" ind1=" " ind2=" ">
      <subfield code="a">L. Bes, Dutch sources on South Asia c. 1600-1825 II. Delhi 2003. p. 141.</subfield>
    </datafield>
    <datafield tag="581" ind1=" " ind2=" ">
      <subfield code="a">M.K. Gautam &amp; G.H. Schokker, 'Hindustani Grammar', in: Changing images: lasting visions. India and the Netherlands. Red. N.D. Sabharwal. Amsterdam 2008, p. 96-98.</subfield>
    </datafield>
    <datafield tag="563" ind1=" " ind2=" ">
      <subfield code="a">Halfperkament over kartonnen platten.</subfield>
    </datafield>
    <datafield tag="655" ind1=" " ind2="7">
      <subfield code="a">Handschriften (vorm)</subfield>
      <subfield code="0">(NL-LeOCL)088143309.</subfield>
      <subfield code="2">gtt</subfield>
    </datafield>
    <datafield tag="700" ind1="1" ind2=" ">
      <subfield code="a">Reland, Adriaan,</subfield>
      <subfield code="e">former owner.</subfield>
      <subfield code="4">fmo</subfield>
      <subfield code="5">NL-UtRU</subfield>
    </datafield>
    <datafield tag="758" ind1=" " ind2=" ">
      <subfield code="a">UBU Hs. 1478 Instructie of onderwijsinghe der Hindoustanse en Persiaanse taalen (Text)</subfield>
      <subfield code="1">https://id.oclc.org/worldcat/entity/E39PCH3p7dQ6TG9qg74dcw86Kd</subfield>
      <subfield code="4">https://id.oclc.org/worldcat/ontology/hasWork</subfield>
    </datafield>
    <datafield tag="856" ind1="4" ind2="1">
      <subfield code="u">http://objects.library.uu.nl/reader/resolver.php?obj=002313545&amp;type=2</subfield>
      <subfield code="x">Online</subfield>
      <subfield code="z">Full text</subfield>
    </datafield>
    <datafield tag="936" ind1=" " ind2=" ">
      <subfield code="a">BATCHLOAD</subfield>
    </datafield>
  </record>